| 000 | 00892nam a2200205 a 4500 | ||
|---|---|---|---|
| 003 | 0 | ||
| 005 | 20250422101513.0 | ||
| 008 | 060725s19uu xx 00 eng d | ||
| 050 |
_aPHS HF 5549.5.M5 _b.C37 2006 |
||
| 100 | _aCarandang, Carlos Antonio S. | ||
| 245 |
_aA Comparative study on the evidence of discrimination of male homosexuals between those working in blue collar and white collar jobs / _cCarlos Antonio S. Carandang. |
||
| 260 |
_aLas PiƱas City, Philippines : _bSouthville International School and Colleges, _c2006. |
||
| 300 |
_a46 pages ; _c28 cm. |
||
| 504 | _aIncludes bibliographical references. | ||
| 650 |
_aDiscrimination in employment _xUnited States. |
||
| 650 |
_aGay men _xEmployment _zUnited States. |
||
| 650 |
_aBlue collar workers _zUnited States _xSocial conditions. |
||
| 650 |
_aWhite collar workers _zUnited States _xSocial conditions. |
||
| 942 |
_cPASS _2lcc |
||
| 999 |
_c97580 _d97580 |
||